000 00528nam a2200169Ia 4500
001 10476
005 20260306161835.0
008 260306t9999||||xx |||||||||||||| ||spa||
041 _aESP
082 _a930.14687
_bC68
100 _aFernández Jurado, Jesús
_eAUT
245 0 _aMemoria antigua de romanos, nuevamente descubierta en las minas de Rio-Tinto:
_bilustrada con su explicación, y notas, por un curioso sevillano
300 _a97 páginas :
_c26 cm.
650 _aGEN
654 _aCHU
942 _cLIB
_dJUS
_fJUS
_2ddc
_n
999 _c10476
_d10476